Normal view
MARC view
Entry Meeting Name
001 - CONTROL NUMBER
- control field: 17173
003 - CONTROL NUMBER IDENTIFIER
- control field: OSt
005 - DATE AND TIME OF LATEST TRANSACTION
- control field: 20211105134130.0
008 - FIXED-LENGTH DATA ELEMENTS
- fixed length control field: 211105|| aca||aabn | a|a d
040 ## - CATALOGING SOURCE
- Original cataloging agency: OSt
- Transcribing agency: OSt
111 ## - HEADING--MEETING NAME
- Meeting name or jurisdiction name as entry element: International Astronomical Union Colloquium
- Location of meeting: Nebraska
- Date of meeting or treaty signing: 1988 Aug. 15-17
670 ## - SOURCE DATA FOUND
- Source citation: Work cat.: (OSt): International Astronomical Union Colloquium Nebraska 1988 Aug. 15-17, The use of pulsating stars in fundamental problems of astronomy, 1989